000 00455nam a2200169 4500
001 132360
003 ES-MaACL
005 20260601155228.0
007 t|
008 070214s1925 fr r ||||1| fre d
100 1 _aRolland, Romain,
_d1866-1944
_9239240
245 1 3 _aLe jeu de l'amour et de la mort /
_cRomain Rolland.
260 _aParis :
_bPaul Dupont,
_c1925.
300 _a256 p. ;
_c19 cm.
852 _aES-MaACL
_jB-6105
999 _c132360
_d132360